书目信息 |
| 题名: |
脑与行为
|
|
| 作者: | 董奇 , 陶沙 著 | |
| 分册: | ||
| 出版信息: | 北京 北京师范大学出版社 2000 |
|
| 页数: | 228页 | |
| 开本: | 20cm | |
| 丛书名: | 青少年科学教育丛书 | |
| 单 册: | ||
| 中图分类: | R338.2-49 , R338.2 | |
| 科图分类: | ||
| 主题词: | 脑--青年读物 | |
| 电子资源: | ||
| ISBN: | 7-303-05319-0 | |
| 000 | 01012nam2 2200277 450 | |
| 001 | 1570138070 | |
| 005 | 20150125192943.96 | |
| 010 | @a7-303-05319-0@dCNY10.00 | |
| 100 | @a20021005d2000 em y0chiy0110 ea | |
| 101 | 0 | @achi |
| 102 | @aCN@b110000 | |
| 105 | @af z 000yy | |
| 200 | 1 | @a脑与行为@9nao yu xing wei@e21世纪的科学前沿@f董奇,陶沙等著 |
| 210 | @a北京@c北京师范大学出版社@d2000 | |
| 215 | @a228页@c彩图及照片@d20cm | |
| 225 | 2 | @a青少年科学教育丛书@i心理科学系列 |
| 300 | @a教育部重点项目 | |
| 330 | @a本书概要介绍了有关脑的进化、脑与智慧、脑与人格、脑与情绪、脑与无意识、左右脑关系、脑功能的性别差别等多个方面已取得的成果,简要讨论了脑与心理行为异常、脑的保护与脑功能潜力开发等方面的问题,同时也指出当前有关脑与行为关系研究的一些难题和争论。 | |
| 461 | 0 | @12001 @a青少年科学教育丛书 |
| 606 | 0 | @a脑@x青年读物 |
| 690 | @aR338.2-49@v5 | |
| 690 | @aR338.2@v4 | |
| 701 | 0 | @a董奇@9dong qi@4著 |
| 701 | 0 | @a陶沙@9tao sha@4著 |
| 801 | 0 | @aCN@bTSSF@c20150125 |
| 905 | @aZUCC@dR338.2@eJY2 | |
| 脑与行为:21世纪的科学前沿/董奇,陶沙等著.-北京:北京师范大学出版社,2000 |
| 228页:彩图及照片;20cm.-(青少年科学教育丛书.心理科学系列) |
| 教育部重点项目 |
| ISBN 7-303-05319-0:CNY10.00 |
| 本书概要介绍了有关脑的进化、脑与智慧、脑与人格、脑与情绪、脑与无意识、左右脑关系、脑功能的性别差别等多个方面已取得的成果,简要讨论了脑与心理行为异常、脑的保护与脑功能潜力开发等方面的问题,同时也指出当前有关脑与行为关系研究的一些难题和争论。 |
| ● |
| 相关链接 |
|
|
|
|
正题名:脑与行为
索取号:R338.2/JY2
 
预约/预借
| 序号 | 登录号 | 条形码 | 馆藏地/架位号 | 状态 | 备注 |
| 1 | 7857772 | 278577728 | 学院路分馆/ [索取号:R338.2/JY2] | 在馆 |